| 000 -LEADER |
| fixed length control field |
00361nam a22001337a 4500 |
| 003 - CONTROL NUMBER IDENTIFIER |
| control field |
OSt |
| 008 - FIXED-LENGTH DATA ELEMENTS--GENERAL INFORMATION |
| fixed length control field |
140122b xxu||||| |||| 00| 0 eng d |
| 041 ## - LANGUAGE CODE |
| Language code of text/sound track or separate title |
eng |
| 100 1# - MAIN ENTRY--PERSONAL NAME |
| Personal name |
Schneider, Jeffrey |
| 245 10 - TITLE STATEMENT |
| Title |
"Mosaic" collection of Hong Kong and Asian mails |
| 260 ## - PUBLICATION, DISTRIBUTION, ETC. (IMPRINT) |
| Place of publication, distribution, etc. |
Hong Kong |
| Name of publisher, distributor, etc. |
Interasia Auctions Limited |
| 300 ## - PHYSICAL DESCRIPTION |
| Extent |
55 pages |
| 650 #0 - SUBJECT ADDED ENTRY--TOPICAL TERM |
| Topical term or geographic name as entry element |
China -- Auction catalogs |